Juta's Statutes of South Africa / (Record no. 1132)
[ view plain ]
| 000 -LEADER | |
|---|---|
| fixed length control field | 00502nam a22001697a 4500 |
| 005 - DATE AND TIME OF INPUT | |
| control field | 20231205142625.0 |
| 008 - DATA ELEMENTS--GENERAL INFORMATION | |
| fixed length control field | 231205b |||||||| |||| 00| 0 eng d |
| 020 ## - INTERNATIONAL STANDARD BOOK NUMBER | |
| International Standard Book Number | 0702137073 |
| 041 ## - LANGUAGE CODE | |
| Language code of text | English |
| 082 ## - SHELF NUMBER | |
| DDC number | 348 JUT |
| 100 ## - MAIN AUTHOR | |
| Language of a work | English |
| 245 ## - TITLE STATEMENT | |
| Title | Juta's Statutes of South Africa / |
| Statement of responsibility, etc. | JUTA'S STATUTES EDITOR |
| 260 ## - PUBLICATION, DISTRIBUTION, ETC. | |
| Place of publication, distribution, etc. | Cape Town : |
| Name of publisher, distributor, etc. | Juta and Company Ltd, |
| Date of publication, distribution, etc. | 1995 |
| 300 ## - PHYSICAL DESCRIPTION | |
| Other physical details | 78 pages ; |
| Dimensions | 25,5 cm. |
| 650 ## - SUBJECT` | |
| Broad subject | Legal practice |
| Own subject terms | Law |
| 942 ## - ADDED ENTRY ELEMENTS (KOHA) | |
| Item type | Books |
| 942 ## - ADDED ENTRY ELEMENTS (KOHA) | |
| -- | ALISON_BN_VRIES |
| Source of classification or shelving scheme | Volume number (bound volume or other part) | Not for loan | Collection code | Home library | Current library | Shelving location | Date acquired | Full call number | Barcode | Price effective from | Koha item type |
|---|---|---|---|---|---|---|---|---|---|---|---|
| Dewey Decimal Classification | Index | TEXT BOOKS | LAW SOCIETY OF NAMIBIA LIBRARY - WINDHOEK | LAW SOCIETY OF NAMIBIA LIBRARY - WINDHOEK | Juta’s statutes of South Africa | 12/05/2023 | 348 JUT | LSN/2023/21 | 12/05/2023 | Books | |
| Dewey Decimal Classification | Volume 1 | TEXT BOOKS | LAW SOCIETY OF NAMIBIA LIBRARY - WINDHOEK | LAW SOCIETY OF NAMIBIA LIBRARY - WINDHOEK | Juta’s statutes of South Africa | 12/05/2023 | 348 JUT | LSN/2023/15 | 12/05/2023 | Books | |
| Dewey Decimal Classification | Volume 2 | TEXT BOOKS | LAW SOCIETY OF NAMIBIA LIBRARY - WINDHOEK | LAW SOCIETY OF NAMIBIA LIBRARY - WINDHOEK | Juta’s statutes of South Africa | 12/05/2023 | 348 JUT | LSN/2023/16 | 12/05/2023 | Books | |
| Dewey Decimal Classification | Volume 3 | TEXT BOOKS | LAW SOCIETY OF NAMIBIA LIBRARY - WINDHOEK | LAW SOCIETY OF NAMIBIA LIBRARY - WINDHOEK | Juta’s statutes of South Africa | 12/05/2023 | 348 JUT | LSN/2023/17 | 12/05/2023 | Books | |
| Dewey Decimal Classification | Volume 4 | TEXT BOOKS | LAW SOCIETY OF NAMIBIA LIBRARY - WINDHOEK | LAW SOCIETY OF NAMIBIA LIBRARY - WINDHOEK | Juta’s statutes of South Africa | 12/05/2023 | 348 JUT | LSN/2023/18 | 12/05/2023 | Books | |
| Dewey Decimal Classification | Volume 5 | TEXT BOOKS | LAW SOCIETY OF NAMIBIA LIBRARY - WINDHOEK | LAW SOCIETY OF NAMIBIA LIBRARY - WINDHOEK | Juta’s statutes of South Africa | 12/05/2023 | 348 JUT | LSN/2023/19 | 12/05/2023 | Books | |
| Dewey Decimal Classification | Volume 6 | TEXT BOOKS | LAW SOCIETY OF NAMIBIA LIBRARY - WINDHOEK | LAW SOCIETY OF NAMIBIA LIBRARY - WINDHOEK | Juta’s statutes of South Africa | 12/05/2023 | 348 JUT | LSN/2023/20 | 12/05/2023 | Books |
